000 01503nam0a2200349 4500
001 RU\NLR\BIBL_A\022707411
005 20260409003135.0
010 _a978-5-85887-577-2
_9500
035 _a(NLR Aleph) 022707411
090 _a13649840
_c13649840
100 _a20260122d2025 u y0rusy50 ca
101 0 _arus
102 _aRU
105 _aac z 000yb
181 0 _ai3
_baxxe
182 0 _an
200 1 _aИконописец сестра Иоанна (Рейтлингер)
_eПетербург - Париж - Ташкент, 1898-1988
_fБ. Б. Попова
203 _aТекст
_bвизуальный
_cнепосредственный
210 _aМосква
_cРусский путь
_d2025
215 _a198, [1] с.
_cил., цв. ил., портр.
_d22
320 _aБиблиогр. в подстроч. примеч.
333 _a12+
600 0 _aИоанна
_cРейтлингер, Юлия Николаевна
_f1898 - 1988
_92446495
_3RU\NLR\AUTH\661454992
686 1 _aЩ143(2Р=Рус)7-8Иоанна
686 2 _aЭ372.24-372.3-028
700 1 _7ca
_8rus
_aПопова
_bБ. Б.
_cискусствовед
_gБронислава Борисовна
_927837
_3RU\NLR\AUTH\7744897
702 0 _4570
_7ca
_8rus
_aИоанна
_cРейтлингер, Юлия Николаевна
_cмонахиня
_f1898-1988
_927835
_3RU\NLR\AUTH\7744895
942 _cBOOK
980 _aNB